00787 2200241 4500001002100000005001700021008004100038035002400079082001500103090002200118100001900140245010200159260009600261300003000357650003700387700002000424700003100444850001200475999001500487999001300502999001500515999001500530YOGYA-0209000006170920090227035946.0 ind  0010-020900000061709 a899.221611 a899.221611bEka N aEKAJATI, Edi S aNaskah Sunda Lama kelompok babadcoleh Edi S. Ekadjati, Wahyu Wibisana, Ade Kosmaya Anggawisastra aJakartabPusat Pembinaan dan Pengembangan Bahasa Departemen Pendidikan dan Kebudayaanc1985 axii, 224 hlmbilusc21 cm aKesusastraan Sunda - naskah lama aWibisana, Wahyu aAnggawisastra, Ade Kosmaya aYOPDYOG aA000002209 a2210 - A aA000002211 aA000002212